Clickable Amtrak Routes Quiz Stats

 Plays Quiz not verified by Sporcle

Challenge
Share
Tweet
Embed
Score 0/33 Timer 05:00
0 Plays Today
% Correct
Acela Express
82.3%
City of New Orleans
73.2%
Maple Leaf
72.9%
Auto Train
72.1%
California Zephyr
69.6%
Empire Builder
69.4%
Michigan Services
68.5%
Carolinian
68.3%
Illinois Service
67.6%
Missouri River Runner
67.2%
Cascades
66.7%
Northeast Regional
65.9%
Keystone
65.4%
Southwest Chief
65.2%
Hiawatha
63.9%
Coast Starlight
63.6%
Downeaster
63.2%
% Correct
Pacific Surfliner
63.2%
Pennsylvanian
62.7%
Lake Shore Limited
61.4%
Crescent
61.2%
Empire Service
61.2%
Vermonter
60.3%
Sunset Limited
59.4%
Adirondack
57.4%
Silver Service
57.2%
Capitol Limited
56.1%
Heartland Flyer
55.7%
Ethan Allen Express
54.5%
Cardinal
50.8%
San Joaquin
50.8%
Capitol Corridor
47%
Texas Eagle
46.8%

You're not logged in!

Compare scores with friends on all Sporcle quizzes.
Join for Free
OR
Log In

You Might Also Like...

Show Comments

Extras

Top Quizzes Today


Score Distribution

Your Account Isn't Verified!

In order to create a playlist on Sporcle, you need to verify the email address you used during registration. Go to your Sporcle Settings to finish the process.

Report this User

Report this user for behavior that violates our Community Guidelines.

Details: